Historical European Figures - Statistics

General Stats
  • This quiz has been taken 37 times
  • The average score is 5 of 15
Answer Stats
Picture Answer % Correct
Salvador Dali
85%
Horatio Nelson
79%
Oscar Wilde
73%
Francisco Franco
64%
Charles de Gaulle
58%
James Cook
45%
Charles Darwin
42%
Franz Ferdinand
24%
Claude Monet
18%
Louis Pasteur
18%
Vasco da Gama
18%
Robert Louis Stevenson
6%
Alfred Nobel
3%
Jules Verne
3%
Edvard Munch
0%
No matching quizzes found
Score Distribution
Percent of People with Each Score
Percentile by Number Answered
Your Score History
You have not taken this quiz